01741cam a22004338i 45000010009000000050017000090060019000260070015000450080041000600100017001010200019001180200031001370200040001680400023002080420008002310500011002390820021002501000034002712450048003052500017003532600038003702630009004082640043004173000019004603360026004793370026005053380036005315000020005675040019005875200294006065210031009005630007009315880103009386500052010416500025010936500026011186500020011447760143011642169399420250414194032.0m |o d | cr |||||||||||200827s2022 nyu jo 001 0 eng  a 2020039317 a978-1260565812 z9781264067503q(paperback) z9781264209637q(loose-leaf edition) aDLCbengcDLCerda apcc00aHD62.400a658.049223bHIL1 aHill, Charles W. L.,eauthor.10aGlobal business today /cCharles W.L. Hill. a11th Edition aNew York;bMcGraw Hill LLC,c2020 a2101 1aNew York, NY :bMcGraw Hill LLC,c2020 axxxiii, 530 p. atextbtxt2rdacontent acomputerbc2rdamedia aonline resourcebcr2rdacarrier aIncludes index. 6Includes Index a"As part of the overall revision process, changes have been made to every chapter in the book. All statistics have been updated to incorporate the most recently available data. Important current events have been incorporated into the text and discussed at length"--cProvided by publisher. aAges 18+bMcGraw Hill LLC. aPB aDescription based on print version record and CIP data provided by publisher; resource not viewed. 0aInternational business enterprisesxManagement. 0aInternational trade. 0aInvestments, Foreign. 0aCapital market.08iPrint version:aHill, Charles W. L..tGlobal business todayb12e.dNew York, NY : McGraw Hill LLC, [2022]z9781264067503w(DLC) 2020039316